Una boda en palacio (Record no. 161809)
[ view plain ]
| 000 -LEADER | |
|---|---|
| campo de control de longitud fija | 01079nam a22002055i 4500 |
| 001 - NÚMERO DE CONTROL | |
| campo de control | 161809 |
| 003 - IDENTIFICADOR DE NÚMERO DE CONTROL | |
| campo de control | ES-MaACL |
| 005 - FECHA Y HORA DE LA ÚLTIMA TRANSACCIÓN | |
| campo de control | 20251111063351.0 |
| 008 - DATOS DE LONGITUD FIJA--INFORMACIÓN GENERAL | |
| campo de control de longitud fija | 020130s1876 sp |||| | spa d |
| 040 ## - FUENTE DE CATALOGACIÓN | |
| Centro catalogador/agencia de origen | CAM |
| Lengua de catalogación | spa |
| Centro/agencia transcriptor | CAM |
| 100 1# - ENTRADA PRINCIPAL--NOMBRE DE PERSONA | |
| Nombre de persona | Pérez Echevarría, Francisco, |
| Fechas asociadas al nombre | 1842-1884 |
| 9 (RLIN) | 131463 |
| 245 14 - MENCIÓN DEL TÍTULO | |
| Título | Una boda en palacio |
| Resto del título | : comedia en tres actos y en verso / |
| Mención de responsabilidad, etc. | original de Francisco Pérez Echevarría y Arturo Gil de Santivañes. |
| 260 ## - PUBLICACIÓN, DISTRIBUCIÓN, ETC. | |
| Lugar de publicación, distribución, etc. | Madrid : |
| Nombre del editor, distribuidor, etc. | [s.n.], |
| Fecha de publicación, distribución, etc. | 1876 ( |
| Fabricante | Imprenta de José Rodriguez) |
| 300 ## - DESCRIPCIÓN FÍSICA | |
| Extensión | 93 p. ; |
| Dimensiones | 19 cm. |
| 500 ## - NOTA GENERAL | |
| Nota general | En port.: Representada por primera vez en el Teatro Español el 27 de enero de 1876. |
| 596 #1 - NOTA AL PIE DE IMPRENTA | |
| NOTA AL PIE DE IMPRENTA | Al v. de port. consta : "... Administracion Lírico-Dramática de D. Eduardo Hidalgo..." |
| 700 10 - ENTRADA AGREGADA--NOMBRE PERSONAL | |
| Nombre de persona | Santivañes y Chávarri, Arturo Gil de. |
| 9 (RLIN) | 127310 |
| 852 ## - LOCALIZACIÓN | |
| Ubicación | ES-MaACL |
| Número de control de estantería | F-8575(2) |
| Nota libre | -- Enc. pasta española |
| -- | -- Dedicatoria ms. de los autores al primer actor |
| condición física | -- Falto de la portada original |
| Nota libre | -- Enc. en un vol. facticio formando parta de la Col. "Teatro español moderno" vol. 28 |
| Estatus retirado | Estado de pérdida | Estado de daño | No para préstamo | Colección | Biblioteca de origen | Biblioteca actual | Ubicación en estantería | Fecha de adquisición | Total de préstamos | Signatura topográfica completa | Código de barras | Visto por última vez | Precio de reemplazo | Tipo de ítem Koha |
|---|---|---|---|---|---|---|---|---|---|---|---|---|---|---|
| Libros del s. XIX | Biblioteca del Ateneo de Madrid | Biblioteca del Ateneo de Madrid | Sala Pecera Planta 2 | 17/01/2008 | F-8575(2) | 1169499 | 23/02/2023 | 23/02/2023 | Libro impreso antiguo |
